[Event "21st Poznan Open"]
[Site "Poznan POL"]
[Date "2013.08.07"]
[Round "1.7"]
[White "Weglarz,L"]
[Black "Szczepaniak,Artur"]
[Result "1-0"]
[WhiteElo "2213"]
[BlackElo "1673"]

1.e4 c5 2.Nf3 Nc6 3.Bb5 e6 4.O-O Nge7 5.Re1 a6 6.Bf1 d5 7.e5 Ng6 8.c3 Be7
9.d4 O-O 10.Nbd2 cxd4 11.cxd4 Bd7 12.Nb3 Qc7 13.h4 Nxh4 14.Nxh4 Bxh4 15.Re3 Bg5
16.Rh3 Bxc1 17.Rxc1 f6 18.Bd3 g6 19.Rxh7 f5 20.Rh3 Kg7 21.Qd2 Rh8 22.Rxh8 Rxh8
23.Qg5 Qd8 24.Qxd8 Rxd8 25.Nc5 Nxd4 26.Nxb7 Rc8 27.Rxc8 Bxc8 28.Nd6 Bd7 29.Bxa6 Nc6
30.Nb7 Nxe5 31.f4 Nc6 32.Nc5 Nb8 33.Bb7 Kf6 34.a4 Bc6 35.Bc8 e5 36.b4 e4
37.b5 Be8 38.Nb3 Ke7 39.Kf2 Kd6 40.Ke3 Kc7 41.Be6 Kd6 42.Bc8 Kc7 43.Be6 Kd6
44.Nd4 Kc5 45.Bg8 Nd7 46.Ne6+ Kd6 47.a5 Nf6 48.b6 Bc6 49.a6 Nd7 50.Kd4 Nxb6
51.Nf8 Nc4 52.Nxg6 e3 53.Kd3 Kc5 54.Ne7 d4 55.Nxc6 Kxc6 56.Bxc4  1-0

[Event "XI Miguel Najdorf Open A 2013"]
[Site "Warsaw POL"]
[Date "2013.08.07"]
[Round "3.22"]
[White "Rozycki,B"]
[Black "Warakomska,A"]
[Result "0-1"]
[WhiteElo "2041"]
[BlackElo "2095"]

1.e4 c5 2.Nf3 Nc6 3.Bb5 g6 4.Bxc6 dxc6 5.h3 Bg7 6.d3 Nf6 7.Nc3 Nd7 8.Be3 e5
9.Qd2 h6 10.Nh2 Qe7 11.O-O Nf8 12.f4 exf4 13.Rxf4 g5 14.Rf2 Ng6 15.Raf1 Be6
16.a4 Be5 17.Ne2 O-O-O 18.Ng4 Bb8 19.Qa5 b6 20.Qa6+ Qb7 21.Qxb7+ Kxb7 22.Rf6 h5
23.Nh2 g4 24.Nf4 Nxf4 25.Bxf4 gxh3 26.gxh3 Bxh3 27.Rxf7+ Kc8 28.Rf2 Rhg8+
29.Kh1 c4 30.Bxb8 Kxb8 31.R7f3 cxd3 32.Rxd3 Be6 33.Rxd8+ Rxd8 34.b3 Rd4 35.Re2 Rxe4
36.Rd2 Rf4 37.Kg2 h4 38.Re2 Rf6 39.Nf1 h3+ 40.Kg1 Kc7 41.Ng3 Bd5 42.Kh2 Bg2
43.Nh5 Rf7 44.Rd2 c5 45.Ng3 Kb7 46.Ne2 Rf2 47.Kg3 Rf1 48.Kh2 Rf3 49.Ng1 Re3
50.Ne2 Ka6 51.Nf4 Be4 52.Nxh3 Rc3 53.Nf2 Bxc2  0-1

[Event "17th Godesberg Open"]
[Site "Bonn GER"]
[Date "2013.08.08"]
[Round "6.11"]
[White "Kronseder,Michael"]
[Black "Evers,L"]
[Result "0-1"]
[WhiteElo "1779"]
[BlackElo "2123"]

1.e4 c5 2.Nf3 Nc6 3.Bb5 g6 4.Bxc6 dxc6 5.O-O Bg7 6.Re1 e5 7.Na3 Ne7 8.c3 O-O
9.h3 b6 10.b3 Ba6 11.Nc4 Bxc4 12.bxc4 Qd3 13.Qe2 Rad8 14.Qxd3 Rxd3 15.Re3 Rd7
16.a4 a5 17.Rb1 Nc8 18.Kf1 f6 19.Bb2 Rfd8 20.d4 Nd6 21.Nd2 Bh6 22.Ke2 Bxe3
23.Kxe3 cxd4+ 24.cxd4 exd4+ 25.Bxd4 Nxc4+ 26.Nxc4 Rxd4 27.Nxb6 Rb4 28.Rxb4 axb4
29.Nc4 b3 30.Nb2 Kf7 31.a5 Ke7 32.a6 Ra8 33.Kd3 Rxa6 34.Kc3 Ra1 35.Kxb3 Re1  0-1

[Event "16th Olomouc Open"]
[Site "Olomouc CZE"]
[Date "2013.08.08"]
[Round "9.16"]
[White "Blazeka,M"]
[Black "Moshkov,Valery"]
[Result "1-0"]
[WhiteElo "2282"]
[BlackElo "2160"]

1.e4 c5 2.Nf3 Nc6 3.Bb5 g6 4.Bxc6 dxc6 5.h3 Bg7 6.d3 e5 7.O-O Ne7 8.a3 a5
9.Be3 b6 10.Nbd2 a4 11.b4 axb3 12.Nxb3 f5 13.Qc1 f4 14.Bd2 g5 15.Nxg5 Ng6
16.Nf3 O-O 17.Bc3 Qe7 18.a4 Ba6 19.Bb2 c4 20.dxc4 Bxc4 21.Re1 Rfc8 22.Qd2 c5
23.Qc3 Be6 24.Nbd2 c4 25.a5 b5 26.Ba3 Qc7 27.Bb4 h6 28.Qa3 Bf8 29.Bxf8 Rxf8
30.Qb4 Qc6 31.Nb1 Rf7 32.Nc3 Rb8 33.Red1 Rd7 34.Rxd7 Qxd7 35.Rd1 Qe8 36.a6 Qf8
37.Qxf8+ Kxf8 38.a7 Ra8 39.Nxb5 Ke7 40.Ra1 Kd7 41.Ra6 c3 42.Rxe6  1-0

[Event "XI Miguel Najdorf Open A 2013"]
[Site "Warsaw POL"]
[Date "2013.08.08"]
[Round "4.1"]
[White "Krzyzanowski,M"]
[Black "Piorun,K"]
[Result "0-1"]
[WhiteElo "2325"]
[BlackElo "2552"]

1.e4 c5 2.Nf3 Nc6 3.Bb5 e6 4.Bxc6 bxc6 5.O-O Ne7 6.e5 Ng6 7.d3 f6 8.h4 fxe5
9.h5 Ne7 10.Nxe5 d6 11.Ng4 Nf5 12.Ne3 Be7 13.Nxf5 exf5 14.d4 O-O 15.h6 f4
16.Qf3 d5 17.hxg7 Rf7 18.dxc5 Bxc5 19.c4 Qh4 20.Qe2 Bh3 21.Nd2 Bxg2  0-1

[Event "Arad Open 2013"]
[Site "Arad ROU"]
[Date "2013.08.09"]
[Round "9.4"]
[White "Bogdan,Dan"]
[Black "Murariu,A"]
[Result "1-0"]
[WhiteElo "2365"]
[BlackElo "2533"]

1.e4 c5 2.Nf3 Nc6 3.Bb5 d6 4.O-O Bd7 5.Re1 Nf6 6.h3 a6 7.Bf1 g6 8.c3 Bg7
9.d4 cxd4 10.cxd4 O-O 11.Nc3 b5 12.a3 e5 13.dxe5 dxe5 14.Be3 Be6 15.Qc2 Qc8
16.Rac1 Bd7 17.Red1 Re8 18.Bg5 Ra7 19.Rd6 Re6 20.Rxe6 fxe6 21.Na2 Qe8 22.Rd1 Rb7
23.b4 h6 24.Be3 g5 25.Nc1 g4 26.hxg4 Nxg4 27.Nb3 Nxe3 28.fxe3 Rc7 29.Nc5 Bc8
30.Qb3 Bf8 31.Rc1 Rg7 32.a4 Qf7 33.Kf2 Qg6 34.axb5 axb5 35.Qd3 Nxb4 36.Qd8 Bb7
37.Nxb7 Qg3+ 38.Ke2 Rxb7 39.Rc8 Rf7 40.Qd6 Nc2 41.Qxe6 Ne1 42.Rc7 Bd6  1-0

[Event "17th Godesberg Open"]
[Site "Bonn GER"]
[Date "2013.08.09"]
[Round "7.3"]
[White "Spreemann,R"]
[Black "Khanukov,B"]
[Result "0-1"]
[WhiteElo "2011"]
[BlackElo "2359"]

1.e4 c5 2.Nf3 Nc6 3.Bb5 g6 4.Bxc6 bxc6 5.O-O Bg7 6.Re1 e5 7.c3 Ne7 8.d4 cxd4
9.cxd4 exd4 10.Nxd4 O-O 11.Nc3 Qb6 12.Nb3 Qc7 13.Bg5 d6 14.Qd2 Be6 15.Nd4 Rfe8
16.Rac1 Qd7 17.Red1 Rad8 18.b3 f6 19.Be3 Bf7 20.Na4 Qb7 21.Qc2 c5 22.Ne2 f5
23.f3 fxe4 24.fxe4 Nc6 25.Nac3 Nb4 26.Qb1 Qa6 27.Rd2 h6 28.Rcd1 Qc6 29.Bf2 Be5
30.Bg3 Qb6 31.Kh1 Kg7 32.Na4 Qc7 33.Rc1 Nc6 34.Nac3 Bxg3 35.Nxg3 Nd4 36.Qd3 Qe7
37.Rf1 Bg8 38.Nge2 Nxe2 39.Rxe2 Qe5 40.Ref2 Re7 41.h3 Rc8 42.Rd1 c4 43.bxc4 Rxc4
44.Nd5 Bxd5 45.Qxd5 Rxe4 46.Rfd2 Qf4 47.Rg1 R4e6 48.Rdd1 Qe5 49.Qa8 Rf6 50.Qd8 h5
51.Rgf1 Rxf1+ 52.Rxf1 Rf7 53.Rxf7+ Kxf7 54.Qc7+ Qe7 55.Qc4+ Kg7 56.Qd4+ Kh7
57.a4 Qe1+ 58.Kh2 Qe5+ 59.Qxe5 dxe5 60.Kg3 Kg7 61.Kf3 Kf7 62.a5 Ke6  0-1

[Event "HZ Open 2013"]
[Site "Vlissingen NED"]
[Date "2013.08.09"]
[Round "8.9"]
[White "Afek,Y"]
[Black "Ikonnikov,Vy"]
[Result "0-1"]
[WhiteElo "2315"]
[BlackElo "2555"]

1.e4 c5 2.Nf3 Nc6 3.Bb5 g6 4.Bxc6 dxc6 5.d3 Nh6 6.Be3 Bg7 7.Qc1 Ng4 8.Bd2 h6
9.O-O Nf6 10.Be3 Nd7 11.Nbd2 e5 12.a4 Qe7 13.Nc4 Nf8 14.a5 g5 15.b4 cxb4
16.d4 exd4 17.Nxd4 Nh7 18.e5 O-O 19.f4 c5 20.Nf3 gxf4 21.Bxf4 Qe6 22.Nd6 Bd7
23.Qe3 b6 24.Qe4 bxa5 25.Rxa5 f6 26.Rxc5 fxe5 27.Bxe5 Bxe5 28.Qxe5 Qxe5 29.Nxe5 Rxf1+
30.Kxf1 Be6 31.Nc6 b3 32.cxb3 Bxb3 33.Nf5 h5 34.Nfe7+ Kf7 35.Rxh5 Nf6 36.Ra5 a6
37.Kf2 Ne4+ 38.Kf3 Nd6 39.Kf4 Nb7 40.Rf5+ Ke6 41.Re5+ Kd7 42.Nd4 Bc4 43.Nd5 Rf8+
44.Nf5 Kc6 45.Ne3 Bb3 46.Kg5 Kb6 47.Nd4 Ba2 48.h4 Rd8 49.Ndf5 a5 50.Re4 Nc5
51.Re7 Bb3 52.Ng4 a4 53.Re1 Rg8+ 54.Kf6 Rxg4 55.h5 Rxg2 56.h6 Rh2 57.Kg7 Ne6+
58.Kf6 Kc5 59.Re5+ Bd5 60.Re3 Nd4 61.Rc3+ Kb4  0-1

[Event "XI Miguel Najdorf Open A 2013"]
[Site "Warsaw POL"]
[Date "2013.08.09"]
[Round "5.7"]
[White "Strzemiecki,Z"]
[Black "Cajbel,M"]
[Result "1-0"]
[WhiteElo "2437"]
[BlackElo "2201"]

1.e4 c5 2.Nf3 Nc6 3.Bb5 g6 4.Bxc6 dxc6 5.d3 Bg7 6.Nc3 Nf6 7.Be3 b6 8.h3 O-O
9.Qd2 Ne8 10.Bh6 f6 11.h4 e5 12.O-O-O Qe7 13.Rdg1 Be6 14.g4 Rd8 15.Bxg7 Nxg7
16.Qh6 Kh8 17.Nd2 b5 18.f4 exf4 19.Ne2 Bf7 20.Nxf4 Ne6 21.h5 Nxf4 22.hxg6 Bxg6
23.Qxf4 Qe5 24.Qh6 Qg5 25.b3 Qxh6 26.Rxh6 Kg7 27.Rh3 Rfe8 28.Kb2 a5 29.Ra1 Ra8
30.a4 Bf7 31.Kc3 Be6 32.Rh5 b4+ 33.Kb2 Bd7 34.Nc4 Kg6 35.Rxc5 Bxg4 36.Rg1 h5
37.Ne3 Re5 38.Rxe5 fxe5 39.Nxg4 hxg4 40.Rxg4+ Kf6 41.Rh4 Kg6 42.Rh2 Re8 43.Kc1 Kg7
44.Rf2 Re6 45.Rf5 Kg8 46.Kd2 Kg7 47.d4 exd4 48.Kd3 Rg6 49.Kxd4 Rg2 50.Rc5 Kf7
51.Rxc6 Ke7 52.Rc5 Ke6 53.Kd3 Rg3+ 54.Kd2 Rg2+ 55.Kc1 Re2 56.Rxa5 Rxe4 57.Rc5  1-0

[Event "10th Malaysian Open"]
[Site "Kuala Lumpur MAS"]
[Date "2013.08.10"]
[Round "2.20"]
[White "Yee Soon Wei"]
[Black "Dimakiling,O"]
[Result "0-1"]
[WhiteElo "2232"]
[BlackElo "2369"]

1.e4 c5 2.Nf3 Nc6 3.Bb5 e6 4.Bxc6 bxc6 5.d3 d6 6.e5 Ne7 7.O-O Ng6 8.exd6 Bxd6
9.Nbd2 O-O 10.Ne4 Be7 11.Be3 f5 12.Nc3 e5 13.Na4 f4 14.Bxc5 Bg4 15.Qe2 Bxc5
16.Nxc5 Nh4 17.Kh1 Rf5 18.Qe4 Bxf3 19.gxf3 Qd6 20.Qc4+ Kh8 21.Ne4 Qg6 22.Rg1 Qh5
23.Nd2 Rf6 24.Rae1 Re8 25.Qe4 Ree6 26.a4 Nf5 27.Rg2 Rh6 28.a5 Nh4 29.Rgg1 Ng6
30.Rg2 Qh3 31.Qb4 Re8 32.Qe4 Nh4 33.Rgg1 Kg8 34.Qc4+ Kh8 35.Qe4 Rhe6 36.b4 Kg8
37.a6 Nf5 38.c3 Rh6 39.Rg2 Nh4 40.Rgg1 Ree6 41.b5 Reg6 42.Qc4+ Kh8 43.Qxf4 Rxg1+  0-1

[Event "XI Miguel Najdorf Open A 2013"]
[Site "Warsaw POL"]
[Date "2013.08.10"]
[Round "6.8"]
[White "Krzyzanowski,M"]
[Black "Szumilas,Pi"]
[Result "1/2-1/2"]
[WhiteElo "2325"]
[BlackElo "2195"]

1.e4 c5 2.Nf3 Nc6 3.Bb5 g6 4.Bxc6 dxc6 5.h3 Bg7 6.O-O e5 7.d3 Qe7 8.Nc3 Nf6
9.Be3 O-O 10.Qd2 Rd8 11.Bg5 Re8 12.Nh2 Qd6 13.Rae1 Nh5 14.Ne2 f6 15.Be3 g5
16.a3 Be6 17.b4 cxb4 18.axb4 Nf4 19.Ng3 Qd7 20.f3 Red8 21.Ra1 a6 22.Rfd1 Qf7
23.Bb6 Rd7 24.Ng4 Bf8 25.Ne3 h5 26.Ngf5 Kh7 27.Kh2 Bh6 28.Qf2 Bf8 29.g3 Ng6
30.c3 Bd6 31.Nxd6 Rxd6 32.Bc5 Rd7 33.d4 exd4 34.Rxd4 Rxd4 35.Bxd4 h4 36.gxh4 Qc7+
37.Qg3 Qxg3+ 38.Kxg3 gxh4+ 39.Kh2 Rf8 40.Rg1 Nf4 41.Ng4 Bxg4 42.Rxg4 Ng6
43.f4 f5 44.Rg5 Nxf4 45.exf5 Kh6 46.Rg4 Nh5 47.Rg6+ Kh7 48.Rg5 Ng3 49.f6 Rg8
50.f7 Rf8 51.Rg7+ Kh6 52.Bf6 Nf5 53.Rg4 Rxf7 54.Bxh4  1/2-1/2

[Event "88th ch-FRA 2013"]
[Site "Nancy FRA"]
[Date "2013.08.11"]
[Round "1.6"]
[White "Degraeve,JM"]
[Black "Hamdouchi,H"]
[Result "1/2-1/2"]
[WhiteElo "2563"]
[BlackElo "2613"]

1.e4 c5 2.Nf3 Nc6 3.Bb5 e6 4.Bxc6 bxc6 5.d3 Ne7 6.Qe2 d5 7.e5 Rb8 8.b3 Nf5
9.O-O Be7 10.Bb2 O-O 11.Nbd2 Qb6 12.Rfc1 Nd4 13.Qe3 Nf5 14.Qe2 Nd4 15.Qe3 Nf5
16.Qe2  1/2-1/2

[Event "FSFMA1 August 2013"]
[Site "Budapest HUN"]
[Date "2013.08.12"]
[Round "9.1"]
[White "Darazs,Z"]
[Black "Juracsik,J"]
[Result "1/2-1/2"]
[WhiteElo "2124"]
[BlackElo "2142"]

1.e4 c5 2.Nf3 Nc6 3.Bb5 g6 4.Bxc6 dxc6 5.Nc3 Bg7 6.d3 Nf6 7.h3 O-O 8.O-O h6
9.Be3 b6 10.Qd2 Kh7 11.Nh2 e5 12.Rae1 Ng8 13.f4 exf4 14.Bxf4 Be6  1/2-1/2

[Event "FSGM August 2013"]
[Site "Budapest HUN"]
[Date "2013.08.12"]
[Round "9.2"]
[White "Santarius,E"]
[Black "Konnyu,J"]
[Result "1-0"]
[WhiteElo "2263"]
[BlackElo "2323"]

1.e4 c5 2.Nf3 Nc6 3.Bb5 Nf6 4.Nc3 g6 5.e5 Ng4 6.Bxc6 dxc6 7.h3 Nh6 8.g4 Bg7
9.d3 O-O 10.Bf4 f6 11.Qe2 Nxg4 12.hxg4 fxe5 13.Rxh7 Kxh7 14.Ng5+ Kg8 15.Be3 e4
16.O-O-O Bd4 17.dxe4 e5 18.Kb1 Kg7 19.Bc1 Qe7 20.Rh1 Rh8 21.Rxh8 Kxh8 22.Nd1 c4
23.c3 Bc5 24.f4 exf4 25.Bxf4 b5 26.Qh2+ Kg8 27.Qh4 Bxg4 28.Qxg4 Rd8 29.Kc2 Qd7
30.Qe6+  1-0

[Event "FSFMB August 2013"]
[Site "Budapest HUN"]
[Date "2013.08.12"]
[Round "10.5"]
[White "Bakos,Viktor"]
[Black "Fredholm,Lisa"]
[Result "1/2-1/2"]
[WhiteElo "1580"]
[BlackElo "1657"]

1.e4 c5 2.Nf3 Nc6 3.Bb5 e6 4.Bxc6 bxc6 5.Nc3 d6 6.O-O e5 7.d3 Bg4 8.h3 Bh5
9.Re1 Nf6 10.Bg5 Be7 11.Nb1 Qb6 12.b3 h6 13.Bh4 g5 14.Bg3 g4 15.hxg4 Bxg4
16.Bh4 Rg8 17.Bxf6 Bxf6 18.Kf1 Kd7 19.Nbd2 Rg7 20.Nc4 Qc7 21.Ne3 Rag8 22.Nxg4 Rxg4
23.g3 h5 24.Rb1 h4 25.Nxh4 Bxh4 26.gxh4 Qd8 27.Qf3 Ke8 28.Ke2 Rf4 29.Qe3 Qxh4
30.Rg1 Qh5+  1/2-1/2

[Event "10th Malaysian Open"]
[Site "Kuala Lumpur MAS"]
[Date "2013.08.12"]
[Round "5.20"]
[White "Smith,Ro"]
[Black "Sukandar,I"]
[Result "0-1"]
[WhiteElo "2243"]
[BlackElo "2370"]

1.e4 c5 2.Nf3 Nc6 3.Bb5 Na5 4.Be2 e6 5.O-O d6 6.d4 cxd4 7.Nxd4 Nf6 8.Nc3 Be7
9.f4 O-O 10.Kh1 a6 11.a4 Qc7 12.Qe1 b6 13.Qg3 Bb7 14.f5 e5 15.Bh6 Ne8 16.Nb3 Nxb3
17.cxb3 Kh8 18.Be3 Nf6 19.Rac1 Qd7 20.Bf3 b5 21.Bg5 b4 22.Bxf6 Bxf6 23.Nd5 Bxd5
24.exd5 Qxf5 25.Qe1 a5 26.Be4 Qh5 27.Rc6 Bh4 28.g3 Be7 29.Rf5 Qh6 30.Rxe5 Bf6
31.Rf5 Rae8 32.Rf2 Be5 33.Re2 Qh5 34.Kg2 f5 35.Bf3 Qf7 36.Qc1 Qf6 37.Qc4 g5
38.h3 g4 39.hxg4 fxg4 40.Qxg4 Rg8 41.Qh5 Rxg3+ 42.Kf2 Rxf3+ 43.Qxf3 Bd4+
44.Kg3 Rg8+ 45.Qg4 Be5+  0-1

[Event "ch-FRA w 2013"]
[Site "Nancy FRA"]
[Date "2013.08.13"]
[Round "3.3"]
[White "Milliet,S"]
[Black "Richard,E"]
[Result "1-0"]
[WhiteElo "2401"]
[BlackElo "2108"]

1.e4 c5 2.Nf3 Nc6 3.Bb5 d6 4.O-O Bd7 5.Re1 Nf6 6.c3 a6 7.Bf1 Bg4 8.h3 Bh5
9.g4 Bg6 10.d4 e5 11.d5 Nb8 12.Nbd2 Be7 13.Nh4 O-O 14.Nxg6 fxg6 15.a4 Ne8
16.Nf3 b6 17.g5 Ra7 18.h4 Qc8 19.Nh2 h6 20.Qg4 Qxg4+ 21.Nxg4 Bd8 22.Be3 Rb7
23.Kg2 h5 24.Nh2 b5 25.axb5 axb5 26.b3 Nd7 27.Kg3 Kh7 28.Nf3 Nb6 29.c4 bxc4
30.bxc4 Rff7 31.Ra3 Ra7 32.Rea1 Rxa3 33.Rxa3 Rb7 34.Nd2 Rb8 35.Bh3 Kg8 36.Kf3  1-0

[Event "24th ch-NATO 2013"]
[Site "Rynia POL"]
[Date "2013.08.13"]
[Round "2.23"]
[White "Onley,David E"]
[Black "Akman,Serkan"]
[Result "1-0"]
[WhiteElo "2103"]
[BlackElo "1948"]

1.e4 c5 2.Nf3 Nc6 3.Bb5 a6 4.Bxc6 dxc6 5.h3 Qc7 6.d3 e5 7.O-O Ne7 8.a4 a5
9.Na3 Ng6 10.Bd2 f6 11.Nc4 Be6 12.b3 Be7 13.Qe1 b6 14.Kh1 O-O 15.Ng1 f5 16.exf5 Rxf5
17.Ne2 Raf8 18.Ng3 R5f7 19.Bc3 Bxc4 20.bxc4 Bh4 21.Qe3 Qd7 22.Rab1 Rf3 23.Qe2 Bxg3
24.fxg3 Rxf1+ 25.Rxf1 Rxf1+ 26.Qxf1 Qf7 27.Qe2 Qf5 28.Qf3 Qxf3 29.gxf3 Kf7
30.Kg2 Ke6 31.Bd2 Nf8 32.Kf2 Nd7 33.Ke3 h6 34.h4 g5 35.hxg5 hxg5 36.Bc3 Nf6
37.Ke2 Nh5 38.Kf2 Nf6 39.Bd2 Nh7 40.Kg2 Kf6 41.Be3 Nf8 42.Kh3 Kf5 43.Bf2 Ne6
44.c3 b5 45.cxb5 cxb5 46.axb5 a4 47.b6 a3 48.b7 a2 49.b8=Q a1=Q 50.g4+ Kf6
51.Qh8+ Kg6 52.Qxe5 Qh1+ 53.Kg3 Qh4+ 54.Kg2  1-0

[Event "ch-FRA w 2013"]
[Site "Nancy FRA"]
[Date "2013.08.14"]
[Round "4.1"]
[White "Congiu,M"]
[Black "Collas,S"]
[Result "1/2-1/2"]
[WhiteElo "2190"]
[BlackElo "2286"]

1.e4 c5 2.Nf3 Nc6 3.Bb5 g6 4.Bxc6 bxc6 5.O-O Bg7 6.Re1 e5 7.b4 cxb4 8.a3 d6
9.axb4 Ne7 10.Bb2 Bg4 11.d3 a5 12.bxa5 Rxa5 13.Nbd2 O-O 14.h3 Be6 15.Ng5 Bd7
16.Rxa5 Qxa5 17.Nc4 Qc7 18.Ba3 c5 19.Bb2 h6 20.Nf3 f5 21.Bc3 Be6 22.Nfd2 Nc6
23.Qa1 Rf7 24.Qa6 Bf8 25.Rb1 Bc8 26.Qb6 Nd4 27.Bxd4 cxd4 28.f4 exf4 29.Qxd4 Be6
30.Rb5 g5 31.exf5 Bxf5 32.Ne4 Bxe4 33.Qxe4 f3 34.gxf3 d5 35.Qxd5 Qg3+ 36.Kf1 Qxh3+
37.Ke2 Qh2+ 38.Ke3 Qf4+ 39.Ke2 Qh2+ 40.Ke3 Qf4+ 41.Ke2  1/2-1/2

[Event "47th Mislata Open"]
[Site "Mislata ESP"]
[Date "2013.08.16"]
[Round "7.6"]
[White "Saenz Narciso,M"]
[Black "Rebole Arbea,J"]
[Result "1/2-1/2"]
[WhiteElo "2206"]
[BlackElo "2187"]

1.e4 c5 2.Nf3 Nc6 3.Bb5 a6 4.Bxc6 dxc6 5.d3 Qc7 6.e5 Bg4 7.Bf4 g5 8.Bg3 Bg7
9.Nbd2 Bxf3 10.Nxf3 g4 11.Nd2 Bxe5 12.Qxg4 Nf6 13.Qf5 Bxg3 14.hxg3 Qd6 15.Ne4 Nxe4
16.Qxe4 Qd5 17.Qxd5 cxd5 18.O-O-O Rd8 19.c4 dxc4 20.dxc4 e6 21.Rxd8+  1/2-1/2

[Event "24th ch-NATO 2013"]
[Site "Rynia POL"]
[Date "2013.08.16"]
[Round "7.30"]
[White "Giedratis,Mingaudas"]
[Black "Wells,D"]
[Result "0-1"]
[WhiteElo "1817"]
[BlackElo "2023"]

1.e4 c5 2.Nf3 Nc6 3.Bb5 g6 4.O-O Bg7 5.Re1 e5 6.c3 Nge7 7.Na3 O-O 8.Nc2 d5
9.exd5 Qxd5 10.Ne3 Qd6 11.h3 a6 12.Bf1 b5 13.a4 Rb8 14.axb5 axb5 15.Qc2 f5
16.d3 Kh8 17.Bd2 Nd5 18.Nxd5 Qxd5 19.Rad1 Bb7 20.Be3 Qd6 21.Qb3 Ne7 22.Qa3 b4
23.Qa5 Rfc8 24.Nd2 Ra8 25.Nc4 Qd7 26.Nb6 Qd8 27.Qb5 Ba6 28.Qd7 Qxb6 29.Qxe7 Ra7
30.Bxc5 Qxc5 31.Qe6 bxc3 32.d4 Qc6 33.Qb3 Bxf1 34.Kxf1 exd4 35.bxc3 dxc3
36.Rc1 Rac7 37.Re2 Qc4 38.Qb6  0-1

[Event "12th Lichtenberger Sommer"]
[Site "Berlin GER"]
[Date "2013.08.17"]
[Round "1.79"]
[White "Bernasconi,R"]
[Black "Poeltelt,H"]
[Result "1-0"]
[WhiteElo "1931"]
[BlackElo "1733"]

1.e4 c5 2.Nf3 Nc6 3.Bb5 a6 4.Bxc6 bxc6 5.d3 d5 6.O-O Bg4 7.Nbd2 Qc7 8.Re1 e6
9.c4 Bd6 10.h3 Bh2+ 11.Kh1 h5 12.exd5 O-O-O 13.Qa4 Bxf3 14.Nxf3 Bd6 15.Qxa6+ Kb8
16.dxe6 fxe6 17.Rxe6 Nf6 18.Bg5 Ng4 19.Bh4 Rd7 20.Rae1 g5 21.Nxg5 Nh6 22.Rxd6 Rxd6
23.Bg3 Rhd8 24.Ne4 Nf5 25.Bxd6 Nxd6 26.Nxc5 Rg8 27.Re6 Qg7 28.Qxc6 Nb7 29.Nd7+  1-0

[Event "12th Lichtenberger Sommer"]
[Site "Berlin GER"]
[Date "2013.08.17"]
[Round "1.65"]
[White "Steiner,Wolfram"]
[Black "Weiss,Daniel"]
[Result "1-0"]
[WhiteElo "1978"]
[BlackElo "1758"]

1.e4 c5 2.Nf3 Nc6 3.Bb5 e6 4.Bxc6 bxc6 5.O-O Nf6 6.Re1 Be7 7.e5 Nd5 8.d3 O-O
9.Nbd2 Nb6 10.Ne4 d5 11.exd6 Bxd6 12.b3 Be7 13.Ba3 Nd7 14.Qd2 f5 15.Nc3 Nb6
16.Rad1 Re8 17.Ne5 Bg5 18.Qe2 Qd4 19.Qh5 Bb7 20.Qf7+ Kh8 21.Qxb7 Re7 22.Qxc6 Rc8
23.Qf3 Qxc3 24.d4 Bd2 25.Qh5 Ree8 26.Re2 Bf4 27.Ng6+  1-0

[Event "ch-FRA w 2013"]
[Site "Nancy FRA"]
[Date "2013.08.17"]
[Round "6.5"]
[White "Congiu,M"]
[Black "Richard,E"]
[Result "1-0"]
[WhiteElo "2190"]
[BlackElo "2108"]

1.e4 c5 2.Nf3 Nc6 3.Bb5 Na5 4.d4 cxd4 5.c3 a6 6.Be2 dxc3 7.Nxc3 e6 8.O-O b5
9.a3 Be7 10.Qd4 f6 11.Qd1 Bb7 12.b4 Nc6 13.Qb3 Bd6 14.Rd1 Qb8 15.a4 bxa4
16.Nxa4 Bc8 17.Be3 Bc7 18.Nc5 Qxb4 19.Qd3 Ne5 20.Nxe5 Bxe5 21.Ra3 Ne7 22.Rb1 Bb2
23.Rb3 Qa5 24.R3xb2 Kf7 25.Nb7 Bxb7 26.Rxb7 Rhd8 27.Bb6  1-0

[Event "3rd Split Open 2013"]
[Site "Split CRO"]
[Date "2013.08.17"]
[Round "8.3"]
[White "Kadric,D"]
[Black "Martinovic,Sa"]
[Result "1/2-1/2"]
[WhiteElo "2458"]
[BlackElo "2526"]

1.e4 c5 2.Nf3 Nc6 3.Bb5 g6 4.Nc3 Bg7 5.Bxc6 dxc6 6.d3 e5 7.Be3 Qe7 8.h3 Nf6
9.Qd2 h6 10.a4 a5 11.O-O b6 12.Nh2 Nh5 13.Ne2 g5 14.Ng3 Nf4 15.Rfe1 Kf8 16.c3 Be6
17.d4 Rd8 18.Nf3 Kg8 19.Bxf4 gxf4 20.Nh5 f6 21.Qe2 Kh7 22.Rad1 Rhg8 23.d5 Bd7
24.dxc6 Bxc6 25.Nh4 Bh8 26.g4 fxg3 27.Nxg3 Rxd1 28.Rxd1 Bxa4 29.Rd5 Bd7 30.Kh2 Qf7
31.Rd6 Bg7 32.Qf3 b5 33.Nh5 Be6 34.Rb6 b4 35.Nf5 Bf8 36.Nfg3 Be7 37.Rb7 Kh8
38.Qe3 Kh7 39.Qf3 Kh8 40.Qe3 Kh7 41.Qd2 Rd8 42.Nxf6+ Qxf6 43.Qxd8 Qxf2+ 44.Kh1 Qf3+
45.Kh2 Qf2+  1/2-1/2

[Event "12th Lichtenberger Sommer"]
[Site "Berlin GER"]
[Date "2013.08.18"]
[Round "2.52"]
[White "Simon,Ra"]
[Black "Schmalzried,V"]
[Result "1-0"]
[WhiteElo "2194"]
[BlackElo "1882"]

1.Nf3 c5 2.e4 Nc6 3.Bb5 g6 4.O-O Bg7 5.Re1 Nf6 6.Bxc6 bxc6 7.d3 O-O 8.Nc3 d6
9.e5 Nd5 10.exd6 exd6 11.Ne4 h6 12.Nfd2 Nf6 13.Rb1 Bf5 14.b3 Re8 15.Bb2 Nd5
16.Bxg7 Kxg7 17.Qc1 Nf6 18.Qb2 d5 19.Nxc5 Qd6 20.Qd4 Kg8 21.Nc4 Rxe1+ 22.Rxe1 Qd8
23.Nb7 Qc7 24.Qxf6 Be6 25.Nca5 Rb8 26.Rxe6 fxe6 27.Qxg6+ Qg7 28.Qxg7+ Kxg7
29.d4 Kf6 30.Nc5 Kf5 31.Nxc6 Rc8  1-0

[Event "Brasschaat Open 2013"]
[Site "Brasschaat BEL"]
[Date "2013.08.18"]
[Round "2.13"]
[White "Lee,Deon"]
[Black "Leenaerts,R"]
[Result "1/2-1/2"]
[WhiteElo "1855"]
[BlackElo "2265"]

1.e4 c5 2.Nf3 Nc6 3.Bb5 d6 4.O-O Bd7 5.Re1 a6 6.Bxc6 Bxc6 7.d4 cxd4 8.Nxd4 Qc7
9.Nxc6 Qxc6 10.c3 Nf6 11.Qf3 e6 12.Bg5 Be7 13.Nd2 h6 14.Bxf6 Bxf6 15.e5 Qxf3
16.Nxf3 dxe5 17.Nxe5 Rd8 18.Nf3 Ke7 19.Kf1 Rd6 20.Re2 Rhd8 21.Ke1 Rb6 22.Rc1 Rd3
23.Rec2 h5 24.Ke2 Rd8 25.Rd1 Rxd1 26.Kxd1 Rd6+ 27.Ke2 g5 28.h3 Rc6 29.Nd2 g4
30.hxg4 hxg4 31.Ne4 Be5 32.f3 f5 33.Nf2 gxf3+ 34.gxf3 Rc4 35.Nd3 Bc7 36.b3 Rc6
37.c4 e5 38.Nb4 Rh6 39.Nd5+ Kd6 40.Nxc7 Kxc7 41.b4 Rh2+ 42.Kd3 e4+ 43.fxe4 fxe4+
44.Kc3 Rxc2+ 45.Kxc2 Kd6 46.Kd2 Ke5 47.Ke3 Kf5 48.a4 b6  1/2-1/2

[Event "3rd Isthmia Open"]
[Site "Vrachati GRE"]
[Date "2013.08.18"]
[Round "1.6"]
[White "Hrisanthopoulos,D"]
[Black "Halkias,S"]
[Result "0-1"]
[WhiteElo "2038"]
[BlackElo "2567"]

1.e4 c5 2.Nf3 Nc6 3.Bb5 d6 4.O-O Bd7 5.c3 a6 6.Ba4 Nf6 7.Re1 c4 8.d4 cxd3
9.Qxd3 Ng4 10.Bf4 Qc7 11.h3 Nge5 12.Nxe5 dxe5 13.Bg3 Rd8 14.Qe2 e6 15.Nd2 Be7
16.Rad1 O-O 17.Nf3 f6 18.b4 Be8 19.Bb3 Bf7 20.a3 Na7 21.c4 b6 22.Nh2 a5 23.c5 bxc5
24.Qc4 axb4 25.axb4 Nc6 26.bxc5 Na5 27.Qc2 Nxb3 28.Qxb3 Qxc5 29.Rc1 Qb4 30.Qxb4 Bxb4
31.Red1 Rd4 32.f3 Rfd8 33.Rxd4 exd4 34.Be1 Ba3 35.Ra1 Bd6 36.Nf1 e5 37.Nd2 Rc8
38.Kf1 Be8 39.Ke2 Bb5+ 40.Kd1 Bd3 41.Nb1 Bf1 42.Ra2 Rb8 43.Kc1 h5 44.h4 Bd3
45.Nd2 Bb4 46.Kd1 Rc8  0-1

[Event "3rd Isthmia Open"]
[Site "Vrachati GRE"]
[Date "2013.08.18"]
[Round "1.20"]
[White "Fragkou,E"]
[Black "Vragoteris,A"]
[Result "0-1"]
[WhiteElo "1949"]
[BlackElo "2261"]

1.e4 c5 2.Nf3 Nc6 3.Bb5 d6 4.Na3 Bd7 5.O-O a6 6.Bxc6 Bxc6 7.e5 e6 8.Re1 Ne7
9.exd6 Ng6 10.Nc4 Bxd6 11.Nxd6+ Qxd6 12.b3 Rd8 13.Ng5 Qd5 14.Ne4 Qf5 15.Ng3 Qf6
16.Ba3 Nf4 17.Nh5 Nxh5 18.Qxh5 Rd5 19.Qe2 Rg5 20.g3 h5 21.d4 h4 22.d5 Bxd5
23.c4 hxg3 24.cxd5 gxf2+  0-1

[Event "21st Troya Open 2013"]
[Site "Canakkale TUR"]
[Date "2013.08.19"]
[Round "4.3"]
[White "Secer,A"]
[Black "Gholami,A"]
[Result "0-1"]
[WhiteElo "2319"]
[BlackElo "2163"]

1.e4 c5 2.Nf3 Nc6 3.Bb5 g6 4.Bxc6 dxc6 5.d3 Bg7 6.h3 e5 7.Be3 b6 8.a3 a5
9.Nc3 Ne7 10.O-O O-O 11.Qd2 Qc7 12.Bh6 f6 13.Nh2 g5 14.Bxg7 Kxg7 15.Na4 Ra6
16.Nc3 Be6 17.Ne2 Ng6 18.c3 Qd7 19.Qe3 Nf4 20.Rfd1 Ra7 21.Nxf4 gxf4 22.Qf3 Qd6
23.Qh5 Kh8 24.Ng4 Rg7 25.Nh6 Rg5 26.Qh4 Qd7 27.d4 Qg7 28.Kh1 Rg6  0-1

[Event "Caissa GM Aug 2013"]
[Site "Kecskemet HUN"]
[Date "2013.08.19"]
[Round "5.1"]
[White "Santarius,E"]
[Black "Sax,G"]
[Result "0-1"]
[WhiteElo "2263"]
[BlackElo "2478"]

1.e4 c5 2.Nf3 Nc6 3.Bb5 Nf6 4.Nc3 Qc7 5.O-O Nd4 6.Nxd4 cxd4 7.Nd5 Nxd5 8.exd5 Qc5
9.c4 a6 10.b4 Qxb4 11.Ba4 b5 12.cxb5 Bb7 13.Bb3 axb5 14.Qf3 g6 15.a4 Qd6
16.Ba3 b4 17.Bb2 Bg7 18.Rfe1 O-O 19.Qd3 e5 20.dxe6 fxe6 21.Rac1 Be5 22.Rxe5 Qxe5
23.f3 Rfc8 24.Rb1 Ba6 25.Qxd4 Qxd4+ 26.Bxd4 Bc4 27.Bd1 Bd3 28.Rb3 Rc1 29.Rxd3 Rxd1+
30.Kf2 Rxa4 31.Bc5 d5 32.Ke3 Re1+ 33.Kf2 Rc1 34.Bd6 Rc6  0-1

[Event "12th Lichtenberger Sommer"]
[Site "Berlin GER"]
[Date "2013.08.20"]
[Round "4.51"]
[White "Hoeckendorf,H"]
[Black "Salz,Matthias"]
[Result "1/2-1/2"]
[WhiteElo "2194"]
[BlackElo "1698"]

1.e4 c5 2.Nf3 Nc6 3.Bb5 g6 4.O-O Bg7 5.c3 Nf6 6.e5 Nd5 7.d4 cxd4 8.cxd4 O-O
9.Nc3 Nxc3 10.bxc3 d6 11.exd6 Qxd6 12.a4 Bf5 13.Re1 Rfd8 14.Qe2 e6 15.h3 h5
16.Ne5 Nxe5 17.dxe5 Qc7 18.Qe3 Rd5 19.f4 Bf8 20.Ba3 Bc5 21.Bxc5 Rxc5 22.Rac1 Rc8
23.Bf1 Rxc3 24.Rxc3 Qxc3 25.Qf2 Qc5 26.Rd1 Qxf2+ 27.Kxf2 Rc2+ 28.Ke3 Rc3+
29.Kd4 Ra3 30.Bb5 Bc2 31.Rc1 Bxa4 32.Rc8+ Kg7 33.Bd3 Bc6 34.g4 h4 35.Rc7 Rb3
36.f5 gxf5 37.gxf5 exf5 38.e6 Be8 39.exf7 Bxf7 40.Rxf7+ Kxf7 41.Bc4+ Kf6
42.Bxb3 b5 43.Bd5 Kg5 44.Ke5 a5 45.Bc6 b4 46.Ba4 f4 47.Ke4 f3 48.Kxf3 Kf5
49.Ke3 Ke5 50.Bb3 Kf5 51.Kf3 Ke5 52.Ke3 Kf5  1/2-1/2